Estatísticas para Desenhos animados

Clique aqui para jogar o quiz

Estatísticas Gerais

  • Esse quiz foi jogado 20 vezes
  • A pontuação média é 2 de 15

Estatísticas das Respostas

HintResposta% Correto
A personagem principal é uma gatinhaHello Kitty
32%
O melhor amigo da personagem principal é uma macaco chamado BotasDora , a exploradora
21%
A personagem principal é uma ovelhaOvelha Choné
21%
A personagem principal era uma ratinhaAngelina Ballerina
16%
A personagem principal é uma cadelaAs pistas da Blue
16%
A personagem principal era um carteiroCarteiro Paulo
16%
A personagem principal têm 4 anosRuca
16%
A personagem principal é azulPocoyo
11%
É dedicado ao desporto, á saúde e á alimentaçãoVila Moleza
11%
A personagem principal é uma avóA Avó Detetive
5%
A personagem principal vive na cidade dos brinquedosAbram alas para o Noddy
5%
É passado numa ilhaIlha das cores
5%
A professora leva os seus alunos a passear numa carrinhaA carrinha magica
0%
A personagem principal vive no campoAs Aventuras de Tom Sawyer
0%
As personagens principais voam num fogueteLittle Einstein
0%

Distribuição das Pontuações

Percentil de Números Respondidos

Porcentagem de Pessoas com Cada Pontuação

Sua Pontuação Histórica

Você não jogou esse quiz